| 000 | 00401nam a2200121Ia 4500 | ||
|---|---|---|---|
| 008 | 220615s9999||||xx |||||||||||||| ||und|| | ||
| 245 | 0 | _aMental (Dis)Order in Later Medieval Europe | |
| 546 | _aEnglish[eng] | ||
| 650 | _aHumanities||History | ||
| 700 | _aKatajala-Peltomaa, Sari||Niiranen, Susanna | ||
| 856 | _uhttps://library.oapen.org/bitstream/20.500.12657/53833/1/9789004269743.pdf | ||
| 942 | _cEB | ||
| 999 |
_c16393 _d16393 |
||